Formule 1: Les coéquipiers d'Alain Prost - Statistiques

Statistiques générales
  • Ce quiz a été pris 373 fois
  • Le résultat moyen est 5 sur 10
Statistiques - réponses
Ecurie Saison Pilote % Correct
McLaren 1988-1989 Ayrton Senna
100%
McLaren 1984-1985 Niki Lauda
78%
Ferrari 1990 Nigel Mansell
70%
Williams 1993 Damon Hill
68%
Ferrari 1991 Jean Alesi
57%
Renault 1981-1982 René Arnoux
49%
McLaren 1986 Keke Rosberg
35%
McLaren 1980-1985 John Watson
19%
McLaren 1987 Stefan Johansson
14%
Renault 1983 Eddie Cheever
13%
Aucun quiz correspondant
Distribution des résultats
% des personnes avec chaque résultat
Percentile par nombre de réponses
Votre historique - résultats
Vous n’avez pas pris ce quiz